| 000 | 00325nam a2200133 4500 | ||
|---|---|---|---|
| 005 | 20260530115302.0 | ||
| 100 | 1 |
_aVarious _931441 |
|
| 245 | 1 | 0 | _aSt. Moritz DESIGN SUMMIT |
| 264 | 1 |
_bARNOLDSCHE _c2002 |
|
| 300 | _a190 páginas | ||
| 336 |
_atexto _2rdacontent |
||
| 337 |
_asin medio _2rdamedia |
||
| 338 |
_avolumen _2rdacarrier |
||
| 999 |
_c12926 _d12926 |
||